MARC

LEADER 00000nas1a2200000 4500
001 380601
005 20231101062706.0
011 |a 0869-5652 
035 |a (RuTPU)RU\TPU\prd\1768 
035 |a RU\TPU\prd\154 
090 |a 380601 
100 |a 20020221a19929999k y0rusy50 ca 
101 0 |a rus 
102 |a RU 
110 |a aoaz|||0uu0 
200 1 |a Доклады Академии наук  |f Российская академия наук (РАН) 
210 |a Москва  |c Наука  |d 1992-2019 
326 |a 36 номеров в год 
430 1 |0 (RuTPU)RU\TPU\prd\680  |x 0869-5652  |t Доклады Академии Наук СССР. Сер. А  |o журнал  |f Академия наук СССР (АН СССР)  |c Л.  |n Изд-во АН СССР  |d 1923-1933 
430 1 |0 (RuTPU)RU\TPU\prd\750  |x 0869-5652  |t Доклады Академии Наук СССР. Новая серия  |o журнал  |f Академия наук СССР (АН СССР)  |c М.  |n Изд-во Академии наук СССР  |d 1933-1992 
469 |0 (RuTPU)RU\TPU\subscr\405 
610 1 |a математика 
610 1 |a механика 
610 1 |a техническая физика 
610 1 |a химия 
610 1 |a химическая технология 
610 1 |a геология 
610 1 |a геофизика 
610 1 |a геохимия 
610 1 |a биология 
610 1 |a биохимия 
610 1 |a биофизика 
610 1 |a физика 
712 0 2 |a Российская академия наук (РАН)  |2 stltpush  |3 (RuTPU)RU\TPU\col\51 
801 0 |a RU  |b 63413507  |c 20011210  |g PSBO 
801 2 |a RU  |b 63413507  |c 20220302  |g PSBO 
856 4 |u https://journals.eco-vector.com/0869-5652 
856 4 |u http://elibrary.ru/title_about.asp?id=7781 
942 |c CR 
969 |0 001RU\TPU\subscr\405